Centroamérica: violencia, integración regional y globalización /

Hace una reflexión acerca de las relaciones existentes entre violencia, integración regional y globalización, trata de iluminar esas relaciones a partir de la experiencia centroamericana. La idea central es que en Centroamérica no sólo se están perfilando, en la actualidad, dos procesos de integraci...

Mô tả đầy đủ

Đã lưu trong:
Chi tiết về thư mục
Tác giả chính: González, Luis Armando
Định dạng: Texto
Những chủ đề:
Các nhãn: Thêm thẻ
Không có thẻ, Là người đầu tiên thẻ bản ghi này!

MARC

LEADER 00000 a a2200000 04500
001 5155
003
040
100 |a González, Luis Armando  
245 |a Centroamérica:   |b violencia, integración regional y globalización /  |c Luis Armando González 
520 |a Hace una reflexión acerca de las relaciones existentes entre violencia, integración regional y globalización, trata de iluminar esas relaciones a partir de la experiencia centroamericana. La idea central es que en Centroamérica no sólo se están perfilando, en la actualidad, dos procesos de integración, uno formal -buscado por los gobiernos- y otro real -propiciado por el crimen organizado-, sino que a este último se asocian formas de violencia particulares que no son ajenas a la "transnacionalización del crimen" propiciada por la globalización. REV/LCL  
650 |a INTEGRACION REGIONAL  
650 |a INTEGRACION ECONOMICA  
650 |a VIOLENCIA  
650 |a DELITOS  
650 |a GLOBALIZACION  
773 |g volumen 53, número 595 -596; páginas 433-447  
999 |c 32238  |d 32238